000 00396nam a22001457a 4500
020 _a8174091653
082 _a625.7
_bKAD/PR
100 _aKadyali,L.R
_9579
100 _aLal,N.B
_9580
245 _aPrinciples and Practices of Highway Engineering: (Including Expressways and Airport Engineering)
250 _a5
260 _aNew Delhi
_bKhanna Publishers
_c2010
300 _a858
942 _cBK
999 _c14369
_d14369